| 000 | 00359nam a2200133Ia 4500 | ||
|---|---|---|---|
| 008 | 211109s9999||||xx |||||||||||||| ||und|| | ||
| 082 |
_a821 _bSAN-A |
||
| 100 | _aSanthi, S | ||
| 245 | 0 | _aArangetral | |
| 260 |
_bHeinemann Educational Books _aLondon _c1973 |
||
| 630 | _xGeneral Stack | ||
| 650 |
_aLiterature & rheotoric _vEnglish poetryEnglish |
||
| 942 | _cBOOK | ||
| 999 |
_c77726 _d77726 |
||